Catalog

Record Details

Catalog Search



The jumping frog = Skákavý žabák  Cover Image Book Book

The jumping frog = Skákavý žabák / Mark Twain ; [přeložil Zdeněk Urbánek]

Record details

  • ISBN: 80-86379-63-9
  • Physical Description: 129 s. ; 18 cm
  • Publisher: [Praha] : Garamond, [2004]

Content descriptions

General Note:
Souběžný český text
Genre: americké povídky
humoristické povídky
dvojjazyčná vydání
American short stories
humorous short stories
bilingual editions

Available copies

  • 1 of 1 copy available at Common Catalog SPOK.

Holds

  • 0 current holds with 1 total copy.
Show Only Available Copies
Location Call Number / Copy Notes Barcode Shelving Location Status Due Date
KDS Library 812 TwM 204576803388 Library Available -

LDR 01464nam a2200421 a 4500
00122756
003CZ-PrJAB
00520150727084200.0
007ta
008040601s2004 xr e 000 j cze
015 . ‡acnb001312995
020 . ‡a80-86379-63-9 ‡q(brož.) : ‡cKč 139,00
035 . ‡a(CZ PrNK)cpk20041312995
035 . ‡a(OCoLC)85103023
040 . ‡aABA001 ‡bcze
0411 . ‡acze ‡aeng ‡heng
072 7. ‡a821.111(73)-3 ‡xAmerická próza ‡2Konspekt ‡925
080 . ‡a821.111(73)-32 ‡2MRF
080 . ‡a(0:82-321.5) ‡2MRF
080 . ‡a(0.027)=030 ‡2MRF
1001 . ‡aTwain, Mark, ‡d1835-1910 ‡7jn19981002263 ‡4aut
24010. ‡aCelebrated jumping frog of Calaveras County. ‡lČesky & Anglicky
24514. ‡aThe jumping frog = ‡bSkákavý žabák / ‡cMark Twain ; [přeložil Zdeněk Urbánek]
24631. ‡aSkákavý žabák
260 . ‡a[Praha] : ‡bGaramond, ‡c[2004]
300 . ‡a129 s. ; ‡c18 cm
4901 . ‡aBilingual text with commentary
500 . ‡aSouběžný český text
655 7. ‡aamerické povídky ‡7fd131793 ‡2czenas
655 7. ‡ahumoristické povídky ‡7fd132428 ‡2czenas
655 7. ‡advojjazyčná vydání ‡7fd194533 ‡2czenas
655 9. ‡aAmerican short stories ‡2eczenas
655 9. ‡ahumorous short stories ‡2eczenas
655 9. ‡abilingual editions ‡2eczenas
7001 . ‡aUrbánek, Zdeněk, ‡d1917-2008 ‡7jk01140872 ‡4trl
830 0. ‡aBilingual text with commentary
910 . ‡aABE463
998 . ‡a001312995
901 . ‡a22756 ‡b ‡c22756 ‡tbiblio

Additional Resources